书目信息 |
| 题名: |
博雅英语阅读教程
|
|
| 作者: | 王晓伟 , 周行 主编 | |
| 分册: | ||
| 出版信息: | 苏州 苏州大学出版社 2024.11 |
|
| 页数: | 211页 | |
| 开本: | 26cm | |
| 丛书名: | ||
| 单 册: | ||
| 中图分类: | H319.37 | |
| 科图分类: | ||
| 主题词: | 英语--ying yu--阅读--教材 | |
| 电子资源: | ||
| ISBN: | 978-7-5672-4991-2 | |
| 000 | 01349nam0 2200301 450 | |
| 001 | CAL 012025001448 | |
| 005 | 20250924174712.66 | |
| 010 | @a978-7-5672-4991-2@dCNY58.00 | |
| 099 | @aCAL 012025001448 | |
| 100 | @a20241230d2024 em y0chiy0120 ea | |
| 101 | 0 | @achi@aeng |
| 102 | @aCN@b320000 | |
| 105 | @ay a 000yy | |
| 106 | @ar | |
| 200 | 1 | @a博雅英语阅读教程@Abo ya ying yu yue du jiao cheng@d= English reading for liberal education@f主编王晓伟, 周行@zeng |
| 210 | @a苏州@c苏州大学出版社@d2024.11 | |
| 215 | @a211页@d26cm | |
| 320 | @a有书目 (第210-211页) | |
| 330 | @a本书围绕博雅教育理念的要求, 涉及了科技、经济、文学、教育、法律、心理学、哲学、音乐、建筑和绘画10个主题。每个主题分为三个部分: 第一部分为宏观综述, 让学生通过快速阅读, 了解该领域的历史背景和发展脉络, 并产生一定的兴趣。第二部分聚焦某个伟大的时代或人物, 选取两篇文章, 中外各一篇, 既开阔了学生的国际视野, 又让学生了解中华文明对人类文明的贡献, 增强文化自觉和文化自信。第三部分介绍该领域最新发展和趋势, 培养学生的前瞻性和创新性思维。 | |
| 510 | 1 | @aEnglish reading for liberal education@zeng |
| 606 | 0 | @a英语@Aying yu@x阅读@j教材 |
| 690 | @aH319.37@v5 | |
| 701 | 0 | @a王晓伟@Awang xiao wei@4主编 |
| 701 | 0 | @a周行@Azhou xing@4主编 |
| 801 | 0 | @aCN@c20250919 |
| 905 | @a河南城建学院图书馆@dH319.37@eW387@ZW387@f1 | |
| 921 | @aBMQZ@bRTBOOK | |
| 998 | @aRTBOOK | |
| 博雅英语阅读教程= English reading for liberal education/主编王晓伟, 周行.-苏州:苏州大学出版社,2024.11 |
| 211页;26cm |
| ISBN 978-7-5672-4991-2:CNY58.00 |
| 本书围绕博雅教育理念的要求, 涉及了科技、经济、文学、教育、法律、心理学、哲学、音乐、建筑和绘画10个主题。每个主题分为三个部分: 第一部分为宏观综述, 让学生通过快速阅读, 了解该领域的历史背景和发展脉络, 并产生一定的兴趣。第二部分聚焦某个伟大的时代或人物, 选取两篇文章, 中外各一篇, 既开阔了学生的国际视野, 又让学生了解中华文明对人类文明的贡献, 增强文化自觉和文化自信。第三部分介绍该领域最新发展和趋势, 培养学生的前瞻性和创新性思维。 |
| ● |
| 相关链接 |
|
|
|
正题名:博雅英语阅读教程
索取号:H319.37/W387
 
预约/预借
| 序号 | 登录号 | 条形码 | 馆藏地/架位号 | 状态 | 备注 |
| 1 | 1637656 | 216376561 | 语言库209/209语言库 43排4列6层/ [索取号:H319.37/W387] | 在馆 |